Statistics for pretty little liars couples

Click here to take the quiz!

General Stats

  • This quiz has been taken 18 times
  • The average score is 14 of 15

Answer Stats

HintAnswer% Correct
spobyspencer and toby
100%
emisonemily and alison
100%
ezriaezra and aria
100%
halebhanna and caleb
100%
spalebspencer and caleb
100%
pailypaige and emily
100%
wrennawren and hanna
100%
trannatravis and hanna
100%
spalexspencer and alex
93%
emayaemily and maya
93%
jariajason and aria
93%
wrelissa?wren and melissa
93%
jakria?jake and aria
93%
melian?melissa and ian
86%
arielaria and noel
57%

Score Distribution

Percentile by Number Answered

Percent of People with Each Score

Your Score History

You have not taken this quiz